Dialogues avec les morts

সংরক্ষণ করুন:
গ্রন্থ-পঞ্জীর বিবরন
প্রধান লেখক: Ebon, Martin (Author)
বিন্যাস: গ্রন্থ
ভাষা:ফরাসি
প্রকাশিত: Fayard 1971
বিষয়গুলি:
ট্যাগগুলো: ট্যাগ যুক্ত করুন
কোনো ট্যাগ নেই, প্রথমজন হিসাবে ট্যাগ করুন!

MARC

LEADER 00000nam a2200000 a 4500
001 UCZ7681
003 CL-VaPUC
008 960109e19710000FR |||||||||||||||||fre|d
082 0 4 |a 133.8  |b EBO  |2 21 
100 0 |a Ebon, Martin  |e author  |9 352668 
245 1 0 |a Dialogues avec les morts 
300 |a 249 p 
942 |c BK 
945 |d 19960109 00:00:00  |a rleighto 
260 |b Fayard  |c 1971 
650 0 |a Ciencias ocultas   |9 333799 
650 7 |a PARAPSICOLOGIA  |2 CL-VaPUC  |9 309534 
583 |a last modification  |c 20130413 09:04:38  |k Rodrigo Vera 
999 |c 243724  |d 243722 
952 |0 0  |1 0  |4 0  |6 133_800000000000000_EBO_1971  |7 0  |8 P  |9 257503  |a BIBEDU  |b BIBEDU  |c BIBEDU_PB  |d 2019-11-19  |i 3166856  |o 133.8 EBO 1971  |p 3166856  |r 2024-01-25  |w 2019-11-19  |y BK  |k EDU